| 000 | 004110000a22001690004500 | ||
|---|---|---|---|
| 003 | MACL | ||
| 005 | 20160110161643.0 | ||
| 008 | 160110b xxu||||| |||| 00| 0 eng d | ||
| 040 |
_aMACL _cMACL |
||
| 041 | _aEnglish | ||
| 082 | _a923.2/GHO | ||
| 100 |
_aGhosh, P C _931079 |
||
| 245 | _aMahatma Gandhi | ||
| 260 |
_bS Chand & Co. _c1968 _aNew Delhi |
||
| 650 |
_aBiography _931080 |
||
| 942 |
_cBK _k923.2/Gho _2ddc |
||
| 999 |
_c35772 _d35772 |
||